[Event "Moscow op 03rd"]
[Site "Moscow"]
[Date "2007.02.04"]
[Round "9"]
[White "Rogovsky, Alexander"]
[Black "Gingold, Anton"]
[Result "1-0"]
[WhiteElo "2117"]
[BlackElo "2079"]
[PlyCount "140"]
[EventDate "2007.01.27"]
[EventType "swiss"]
[EventRounds "9"]
[EventCountry "RUS"]
[SourceTitle "CBM 116 Extra"]
[Source "ChessBase"]
[SourceDate "2007.03.07"]
[SourceVersion "1"]
[SourceVersionDate "2007.03.07"]
[SourceQuality "1"]

1. d4 d5 2. c4 c6 3. Nc3 Nf6 4. Nf3 a6 5. cxd5 cxd5 6. Bf4 Nc6 7. e3 Bg4 8. Be2 e6 9. h3 Bh5 10. Ne5 Bxe2 11. Qxe2 Bd6 12. 0-0 0-0 13. Qf3 Rc8 14. g4 Bxe5 15. Bxe5 Nxe5 16. dxe5 Nd7 17. Qg3 Qc7 18. f4 Qb6 19. Rf2 Nc5 20. Rd1 Rfd8 21. Rfd2 Qc7 22. h4 b5 23. Rd4 Qb8 24. b4 Nd7 25. e4 Qa7 26. Kh2 Rc4 27. Rxc4 dxc4 28. Kg2 Qa8 29. Qe3 Nf8 30. Rd6 Rxd6 31. exd6 Qd8 32. e5 Qxh4 33. g5 h6 34. gxh6 Qxh6 35. Ne4 Qg6+ 36. Kf2 Qh5 37. Qg3 Qh1 38. Nf6+ Kh8 39. d7 Nxd7 40. Nxd7 Qh7 41. Kg2 Qc2+ 42. Kh3 Qf5+ 43. Kh2 c3 44. Qxc3 Qxf4+ 45. Kg2 Qg4+ 46. Kf2 Qf4+ 47. Ke2 Qe4+ 48. Kd1 Qd5+ 49. Qd2 Qf3+ 50. Kc2 Qc6+ 51. Nc5 a5 52. Qd8+ Kh7 53. Qxa5 Qg2+ 54. Kc3 Qf3+ 55. Nd3 Qc6+ 56. Kb2 Qg2+ 57. Kb1 Qg1+ 58. Kc2 Qg2+ 59. Kc3 Qc6+ 60. Kd4 f5 61. exf6 gxf6 62. Qa7+ Kg6 63. Qc5 Qd7+ 64. Kc3 Qe8 65. Nf4+ Kg7 66. Qg1+ Kf8 67. Qh1 Qc8+ 68. Kb2 Qc4 69. Qh8+ Kf7 70. Qh5+ Kg7 1-0

[Event "Moscow op 03rd"]
[Site "Moscow"]
[Date "2007.01.30"]
[Round "4"]
[White "Rogovsky, Alexander"]
[Black "Koshevoy, Sergey Vladimirovic"]
[Result "0-1"]
[WhiteElo "2117"]
[BlackElo "2294"]
[PlyCount "97"]
[EventDate "2007.01.27"]
[EventType "swiss"]
[EventRounds "9"]
[EventCountry "RUS"]
[SourceTitle "CBM 116 Extra"]
[Source "ChessBase"]
[SourceDate "2007.03.07"]
[SourceVersion "1"]
[SourceVersionDate "2007.03.07"]
[SourceQuality "1"]

1. d4 Nf6 2. c4 e6 3. Nc3 Bb4 4. Qc2 c5 5. a3 Bxc3+ 6. bxc3 Nc6 7. e3 Qa5 8. Bd2 e5 9. f3 Qc7 10. d5 Na5 11. Bd3 b6 12. e4 Ba6 13. Qa4 h6 14. Ne2 0-0-0 15. Ng3 Ne8 16. Nf5 Nd6 17. Ne3 Rde8 18. 0-0 g5 19. Rfb1 h5 20. Qd1 f6 21. Qe2 Reg8 22. Kh1 Kb8 23. g3 Nf7 24. h4 d6 25. Rg1 Bc8 26. Raf1 Qe7 27. Rf2 Nh6 28. Rh2 g4 29. Nf5 Nxf5 30. exf5 Qh7 31. fxg4 Rxg4 32. Rf2 Rhg8 33. Qe3 Qg7 34. Be2 Rxh4+ 35. Rh2 Rxh2+ 36. Kxh2 Bxf5 37. Qh6 Bg4 38. Bd3 Qxh6 39. Bxh6 f5 40. Rd1 Kc7 41. Bd2 Kd7 42. Bf1 Ke7 43. Bd3 Kf6 44. Rf1 Rh8 45. Be1 Kg6 46. Rg1 Bd1 47. Kg2 Bb3 48. g4 hxg4 49. Kf1 0-1